Culture Générale : Choix Multiples #2 - Statistiques

Statistiques générales
  • Ce quiz a été pris 283 fois
  • Le résultat moyen est 5 sur 10
Statistiques - réponses
Question Réponse % Correct
Quelle est la capitale de la Malaisie ? Kuala Lumpur
87%
Quel océan borde les côtes de Madagascar ? Océan Indien
87%
Quelle divinité est l’équivalent de Zeus dans la mythologie romaine ? Jupiter
81%
Je suis la nécropole des Rois de France. Basilique de Saint-Denis
59%
Quelle est le sommet le plus haut d’Amérique ? L’Aconcagua
56%
Quelle ville est le chef-lieu du département des Vosges ? Épinal
54%
En quelle année les premiers Jeux Olympiques modernes se sont-ils déroulés ? 1896
42%
Qui a reçu le Prix Nobel de la Paix en 1989 ? Le Dalaï-Lama
22%
Quel astronome a découvert la planète Uranus ? William Herschel
20%
Qui fut le dernier roi d’Italie ? Humbert II
15%
Aucun quiz correspondant
Distribution des résultats
% des personnes avec chaque résultat
Percentile par nombre de réponses
Votre historique - résultats
Vous n’avez pas pris ce quiz